Finde das geheime Land #1 - Statistiken

Allgemein
  • Dieses Quiz wurde 569 mal gespielt
  • Das Durchschnittsergebnis liegt bei 13 aus 27
Antwortstatistiken
Wortgemisch Land % Korrekt
ABKU Kuba
100%
EINRSY Syrien
93%
CEHIL Chile
92%
ANRUU Nauru
80%
AAMOS Samoa
77%
AAILMOS Somalia
76%
AÄDEKMNR Dänemark
66%
AEIMNTV Vietnam
58%
ADHNORSU Honduras
55%
BEINRU Brunei
53%
AAGLNO Angola
51%
ADILNS Island
44%
AABNOSTW Botswana
41%
BEEINRS Serbien
41%
AAGNUY Guyana
39%
ABBEIMWS Simbabwe
35%
AEEGIINNNRT Argentinien
31%
AADEGNR Grenada
29%
ABELRSU Belarus
28%
AABIIMN Namibia
27%
AANTUUV Vanuatu
27%
AEILRS Israel
26%
ABIIIKRT Kiribati
25%
EEGMNNOORT Montenegro
21%
AABCDEGHLNS Bangladesch
16%
CEEEHIILNNSTT Liechtenstein
10%
Secret Country SURINAME
10%
Keine übereinstimmenden Quizze gefunden
Verteilung der Resultate
Anzahl Personen mit jedem Resultat
Perzentil nach korrekt beantworteten Fragen
Ihre Resultats-Entwicklung
Sie haben dieses Quiz noch nicht gespielt